| 000 | 00560nam a2200181Ia 4500 | ||
|---|---|---|---|
| 008 | 240729s9999 xx 000 0 und d | ||
| 022 | _a2148-2837 | ||
| 245 | 0 | _aMehmet Akif Ersoy Üniversitesi Sağlık Bilimleri Enstitüsü Dergisi | |
| 260 | _aTürkiye | ||
| 260 | _bMehmet Akif Ersoy University | ||
| 650 | _a Animal culture | ||
| 650 | _a Medicine (General) | ||
| 650 | _a Veterinary medicine | Medicine | ||
| 650 | _aAgriculture | ||
| 856 | _uhttps://doaj.org/toc/4188015650ed408c868a2a01cc1c0c40 | ||
| 942 | _2ddc | ||
| 942 | _cDOAJEJ | ||
| 999 |
_c69072 _d69072 |
||
| 945 |
_a1 _bMadushi Gamage _c1 _dMadushi Gamage |
||